01358nam a2200349Ia 4500001001200000003000800012006001900020007001500039008004100054010001700095020001500112020002800127040002100155035002100176050002400197082002000221100002100241245013900262250001200401260004300413300002400456504006600480533015200546650003700698650002800735650002900763650002700792655002900819710001700848856012600865999001700991ebr10135636CaPaEBRm u cr cn|||||||||040113s2004 nyua sb 001 0 eng d z 2004041687 z1403979618 z1403962626 (alk. paper) aCaPaEBRcCaPaEBR a(OCoLC)56046782814aHQ1793b.R87 2004eb04a305.42/09622221 aRussell, Mona L.10aCreating the new Egyptian womanh[electronic resource] :bconsumerism, education, and national identity, 1863-1922 /cMona L. Russell. a1st ed. aNew York :bPalgrave Macmillan,c2004. axii, 237 p. :bill. aIncludes bibliographical references (p. [173]-229) and index. aElectronic reproduction.bPalo Alto, Calif. :cebrary,d2009.nAvailable via World Wide Web.nAccess may be limited to ebrary affiliated libraries. 0aWomenzEgyptxSocial conditions. 0aWomen consumerszEgypt. 0aWomenxEducationzEgypt. 0aWomen's rightszEgypt. 7aElectronic books.2local2 aebrary, Inc.40uhttp://site.ebrary.com/lib/rucke/Doc?id=10135636zAn electronic book accessible through the World Wide Web; click to view c87552d87552